000 00288nam a2200109Ia 4500
008 200302s9999 xx 000 0 und d
100 _aJoan Copjec and Michael Sorkin
245 _aGiving Ground the politics of propinquity
260 _bVerso Published
260 _c1999
300 _a312 P.,
999 _c4203
_d4203